Statystyki dla Państwa produkujące najwięcej wina

Kliknij tutaj aby rozwiązać quiz!

Ogólne statystyki

  • Ten quiz został rozwiązany 1 212 razy
  • Średni wynik to 12 z 20

Statystyki odpowiedzi

mnóstwokraj% Poprawnych
4 293 466Francja
95%
4 796 600Włochy
93%
4 607 850Hiszpania
91%
3 300 000Stany Zjednoczone
85%
920 200Niemcy
81%
603 327Portugalia
78%
1 700 000Chiny
74%
327 400Rosja
73%
334 300Grecja
70%
273 100Brazylia
68%
1 498 380Argentyna
63%
1 214 000Chile
50%
1 186 343Australia
48%
199 869Austria
44%
258 520Węgry
44%
378 283Rumunia
43%
198 183Serbia
32%
149 850Mołdawia
28%
1 146 006Południowa Afryka
27%
320 400Nowa Zelandia
26%

Rozkład punktacji

Percentyl według liczby udzielonych odpowiedzi

Procent ludzi z każdym wynikiem

Twoja historia wyników

Nie rozwiązałeś tego quizu